|
|
|
|
| LEADER |
00000ny a22000003n 4500 |
| 005 |
20110601135330.0 |
| 008 |
071003s2007 sp b 001 0 spa |
| 020 |
|
|
|a 9788496780279
|
| 035 |
|
|
|a 4680
|
| 040 |
|
|
|a UGR
|d vLex
|
| 080 |
|
|
|a 327
|
| 080 |
|
|
|a 355
|
| 090 |
|
|
|c 409
|d 409
|
| 100 |
1 |
|
|a Marrero Rocha, Inmaculada C.
|
| 245 |
1 |
3 |
|a La participacin̤ de las fuerzas armadas espaǫlas en misiones de paz
|h [Recurso electrn̤ico]
|c Inmaculada C. Marrero Rocha
|
| 256 |
|
|
|a Servicio en ln̕ea
|
| 260 |
|
|
|a Madrid :
|b Plaza y Valdš,
|c 2007
|
| 300 |
|
|
|a v.
|
| 506 |
1 |
|
|a Contenido solo disponible en los productos indicados
|d vLex Global
|d vLex Global (Academic Edition, excluding Law Schools)
|d vLex Global (U.S. Academic Edition, Law Schools)
|d vLex Global (U.S. Academic Edition, excluding Law Schools)
|d vLex Global (Academic Edition, Law Schools)
|
| 650 |
0 |
7 |
|a Fuerzas armadas
|2 Tesauro vLex
|
| 650 |
0 |
7 |
|a Relaciones internacionales
|2 Tesauro vLex
|
| 650 |
0 |
7 |
|a Derecho administrativo militar
|2 Tesauro vLex
|
| 740 |
0 |
|
|a vLex Libros (Servicios en ln̕ea)
|
| 856 |
4 |
0 |
|u http://vlex.com/source/4680
|z Acceso restringido
|
| 942 |
|
|
|c BOOK
|
| 999 |
0 |
|
|a International relations
|b Madrid
|